000 01008nam0a22002411 4500
001 rc\229112
005 20250621005329.0
035 _a(NLR Aleph) 005486021
090 _a5157875
_c5157875
100 _a20030307d1990 |||y0rusy50 ca
101 0 _arus
102 _aRU
105 _ay |||||||||
200 1 _aТеатральные музеи в СССР
_eПробл. создания и функционирования
_eСб. науч. тр.
_fГос. центр. театр. музей им. Бахрушина
_g[Редактор О.Н. Купцова]
210 _aМ.
_cГЦТМ
_d1990
215 _a143, [1] с.
_d22
702 1 _4340
_7ca
_8rus
_aКупцова
_bО. Н.
_cканд. филол. наук
_gОльга Николаевна
_9180023
_3RU\NLR\AUTH\770180074
712 0 2 _aЦентральный театральный музей им. А.А. Бахрушина
_cМосква
801 0 _aRU
_bNLR
_gpsbo
801 1 _aRU
_bELAR
_2rusmarc
852 _aNLR
_j91-5/1275
942 _cBOOK
980 _aNB